| 000 | 00718cab a2200253 4500 | ||
|---|---|---|---|
| 001 | ABS38112 | ||
| 008 | 090401t1987 xxu||||| |||| 00| 0 eng d | ||
| 035 | _a(Sirsi) u8784 | ||
| 041 | _aeng | ||
| 100 | _aDavis, A. | ||
| 245 | _aConfidence in Melbourne | ||
| 260 | _c1987 | ||
| 350 | _a0 | ||
| 490 |
_aWorld Property _v1(4) July/August 1987, 19-20(2) |
||
| 520 | _aReports on the office and industrial property markets in Melbourne. | ||
| 650 | _aAUSTRALIA | ||
| 650 | _aINDUSTRIAL DEVELOPMENT | ||
| 650 | _aINDUSTRIAL MARKET | ||
| 650 | _aOFFICE DEVELOPMENT | ||
| 650 | _aPROPERTY-COMMERCIAL PROPERTY-OFFICE PROPERTY-OFFICE PROPERTY MARKET | ||
| 690 | _aOVERSEAS | ||
| 942 | _n0 | ||
| 948 | _c04/03/1997 | ||
| 999 |
_c5443 _d5443 |
||